| 000 | 00349nam a22001577a 4500 | ||
|---|---|---|---|
| 003 | SGT | ||
| 020 | _a9788120417984 | ||
| 082 | _a624.25,RAJ | ||
| 100 | _aRAJU, N KRISHNA | ||
| 245 | _aDESIGN OF BRIDGES | ||
| 250 | _a5TH | ||
| 260 |
_aNEW DELHI _bCBS PUBLISHERS _c2018 |
||
| 300 | _a683 | ||
| 650 | _aCIVIL ENGINEERING | ||
| 942 |
_2ddc _cBK _01 |
||
| 999 |
_c21110 _d21110 |
||